000 00715nam a2200253Ia 4500
003 OSt
005 20220918202617.0
006 a|||||r|||| 00| 0
007 ta
008 220917b |||||||| |||| 00| 0 eng d
024 _a102,541
037 _cTextual
040 _aARTS
_cARTS
_beng
041 _2eng
_aeng
082 _aV253.G64<-G38, N4
100 _aPadhy K P
_9104598
245 0 _aOrissa
_b Its golden epech
260 _aNew Delhi
_bHarman Publishing
_c1994
300 _axviii, 112p. plates, maps
_ccm.
500 _aGlossary p101--05; Appendix p93-96; Includes Index
650 _aHISTORY
942 _hV253.G64<-G38, N4
_cTEXL
_2CC
999 _c225995
_d225995